Les Monuments Historiques protégés en 1840 (1) - Statistiques

Statistiques générales
  • Ce quiz a été pris 20 fois
  • Le résultat moyen est 69 sur 286
Statistiques - réponses
Département Type de quiz
Initiale(s)
de la
commune
Commune % Correct
Bouches-du-Rhône Abbaye | Caves | Eglise M Marseille
88%
Bouches-du-Rhône Cathédrale | Eglise AEP Aix-en-Provence
75%
Aisne Cathédrale L Laon
75%
Aisne Basilique SQ Saint-Quentin
75%
Gironde Eglise X 3 | Palais Gallien B Bordeaux
69%
Gard Arènes | Castellum divisorium | Maison carrée | +4 others N Nîmes
69%
Bouches-du-Rhône Abbaye | Anciennes cathédrale | Arènes | +6 others A Arles
63%
Loir-et-Cher Château | Eglise | Fontaine Louis XII B Blois
63%
Aude Basilique C Carcassonne
63%
Ariège Château F Foix
63%
Cher Hôtel | Palais | Porte B Bourges
56%
Calvados Abbatiale X 2 | Eglise X 2 C Caen
56%
Hérault Eglise M Montpellier
56%
Allier Pavillon M Moulins
56%
Aude Cathédrale | Palais des archevêques N Narbonne
56%
Charente-Maritime Amphithéâtre | Basilique S Saintes
56%
Aube Basilique | Eglise T Troyes
56%
Indre-et-Loire Château A Amboise
50%
Hérault Cathédrale B Béziers
50%
Loir-et-Cher Château C Chambord
50%
Indre-et-Loire Abbaye | Château C Chinon
50%
Alpes-de-Haute-Provence Cathédrale DLB Digne-les-Bains
50%
Côte-d'Or Eglise X 2 | Puits de Moïse D Dijon
50%
Eure Ancienne abbaye E Evreux
50%
Loiret Hôtel des Créneaux O Orléans
50%
Dordogne Amphithéâtre | Cathédrale | Eglise | Tour Mataguerre P Périgueux
50%
Alpes-de-Haute-Provence Cathédrale S Sisteron
50%
Haute-Garonne Capitole | Couvent des Augustins | Couvent des Jacobins | Eglise X 2 T Toulouse
50%
Indre-et-Loire Eglise | Tour de l'Horloge T Tours
50%
Isère Cathédrale | Eglise | Escaliers antiques | +2 others V Vienne
50%
Charente Cathédrale A Angoulême
44%
Doubs Porte noire B Besançon
44%
Haute-Loire Baptistère LPEV Le Puy-en-Velay
44%
Calvados Cathédrale L Lisieux
44%
Loire-Atlantique Château N Nantes
44%
Drôme Pendentif V Valence
44%
Aveyron Chartreuse VDR Villefranche-de-Rouergue
44%
Hérault Cathédrale A Agde
38%
Aube Eglise x 2 BSA Bar-sur-Aube
38%
Côte-d'Or Basilique B Beaune
38%
Ain Séminaire B Belley
38%
Alpes-Maritimes Monastère fortifié C Cannes
38%
Eure-et-Loir Collégiale | Eglise X 2 C Chartres
38%
Indre Tour blanche I Issoudun
38%
Bouches-du-Rhône Arc de triomphe | Mausolée SRDP Saint-Rémy-de-Provence
38%
Bouches-du-Rhône Eglise SDP Salon-de-Provence
38%
Loir-et-Cher Abbaye | Château V Vendôme
38%
Loir-et-Cher Château C Cheverny
31%
Gers Cathédrale C Condom
31%
Drôme Cathédrale D Die
31%
Ille-et-Vilaine Cathédrale DDB Dol-de-Bretagne
31%
Hautes-Alpes Cathédrale E Embrun
31%
Calvados Château F Falaise
31%
Eure Collégiale | Eglise LA Les Andelys
31%
Hérault Cathédrale L Lodève
31%
Finistère Eglise Q Quimperlé
31%
Drôme Collégiale RSI Romans-sur-Isère
31%
Loiret Eglise SBSL Saint-Benoît-sur-Loire
31%
Bouches-du-Rhône Eglise SMDLM Saintes-Maries-de-la-Mer
31%
Drôme Cathédrale SPTC Saint-Paul-Trois-Châteaux
31%
Finistère Cathédrale | Chapelle SPDL Saint-Pol-de-Léon
31%
Bouches-du-Rhône Chapelle | Château | Eglise T Tarascon
31%
Aube Eglise ASA Arcis-sur-Aube
25%
Gironde Cathédrale B Bazas
25%
Loiret Donjon | Eglise | Hôtel de Ville B Beaugency
25%
Loire-Atlantique Château C Châteaubriant
25%
Indre-et-Loire Pile de Cinq-Mars CMLP Cinq-Mars-la-Pile
25%
Hérault Eglise CLH Clermont-l'Hérault
25%
Eure-et-Loir Beffroi | Eglise D Dreux
25%
Loiret Château G Gien
25%
Ille-et-Vilaine Chapelle L Langon
25%
Indre-et-Loire Clocher | Collégiale L Loches
25%
Cantal Basilique M Mauriac
25%
Loiret Collégiale MSL Meung-sur-Loire
25%
Cher Eglise SAM Saint-Amand-Montrond
25%
Aube Eglise SALV Saint-André-les-Vergers
25%
Gironde Collégiale SE Saint-Emilion
25%
Haute-Garonne Collégiale SG Saint-Gaudens
25%
Gard Abbatiale SG Saint-Gilles
25%
Charente Eglise SM Saint-Michel
25%
Côtes-d'Armor Cathédrale T Tréguier
25%
Eure Tour des archives V Vernon
25%
Haute-Loire Basilique B Brioude
19%
Loir-et-Cher Château CSL Chaumont-sur-Loire
19%
Aveyron Abbatiale C Conques
19%
Côtes-d'Armor Temple de Mars C Corseul
19%
Eure Collègiale G Gisors
19%
Loire-Atlantique Collégiale G Guérande
19%
Creuse Eglise LS La Souterraine
19%
Loire-Atlantique Eglise LC Le Croisic
19%
Charente-Maritime Eglise M Marennes
19%
Cher Château | Collégiale MSY Mehun-sur-Yèvre
19%
Corrèze Site gallo-romain N Naves
19%
Alpes-de-Haute-Provence Baptistère | Colonnade antique R Riez
19%
Corrèze Eglise U Uzerche
19%
Landes Eglise ASA Aire-sur-l'Adour
13%
Loiret Oratoire carolingien GDP Germigny-des-Prés
13%
Ain Temple romain I Izernore
13%
Haute-Loire Eglise LCD La Chaise-Dieu
13%
Loire Collégiale M Montbrison
13%
Indre-et-Loire Eglise M Montrésor
13%
Calvados Eglise O Ouistreham
13%
Aude Eglise RM Rieux-Minervois
13%
Ain Eglise SADB Saint-André-de-Bâgé
13%
Hérault Eglise SGLD Saint-Guilhem-le-Désert
13%
Haute-Loire Eglise SP Saint-Paulien
13%
Hérault Cathédrale | Eglise VLM Villeneuve-lès-Maguelonne
13%
Ille-et-Vilaine Eglise V Vitré
13%
Loire Eglise A Ambierle
6%
Loire Eglise BA Bourg-Argental
6%
Aisne Eglise abbatiale B Braine
6%
Indre-et-Loire Collégiale CSM Candes-Saint-Martin
6%
Aube Eglise C Chaource
6%
Indre-et-Loire Château C Chenonceaux
6%
Loiret Basilique CSA Cléry-Saint-André
6%
Calvados Eglise CSM Colleville-sur-Mer
6%
Loiret Eglise FEG Ferrières-en-Gâtinais
6%
Indre Eglise GD Gargilesse-Dampierre
6%
Drôme Collégiale G Grignan
6%
Loire Abbaye LBD La Bénisson-Dieu
6%
Bouches-du-Rhône Abbaye LRDA La Roque d'Anthéron
6%
Eure Tour de l'abbaye LBH Le Bec-Hellouin
6%
Ardennes Abbatiale M Mouzon
6%
Aube Eglise MSS Mussy-sur-Seine
6%
Haute-Loire Château P Polignac
6%
Indre-et-Loire Lanterne R Rochecorbon
6%
Bouches-du-Rhône Pont SC Saint-Chamas
6%
Haute-Corse Cathédrale SF Saint-Florent
6%
Aude Abbaye SH Saint-Hilaire
6%
Hérault Cathédrale SPDT Saint-Pons-de-Thomières
6%
Cher Eglise SS Saint-Satur
6%
Haute-Loire Eglise S Saugues
6%
Corrèze Chapelle de château SLC Ségur-le-Château
6%
Côte-d'Or Collégiale SEA Semur-en-Auxois
6%
Allier Eglise S Souvigny
6%
Drôme Autel taurobolique TLH Tain-l'Hermitage
6%
Loir-et-Cher Bâtiment des Mazelles T Thésèe
6%
Calvados Eglise T Touques
6%
Corrèze Tour de château T Turenne
6%
Haute-Loire Eglise A Aiguilhe
0%
Cantal Eglise AB Albepierre-Bredons
0%
Calvados Eglise AEB Asnières-en-Bessin
0%
Corrèze Eglise A Aubazine
0%
Charente-Maritime Eglise A Aulnay
0%
Charente-Maritime Pyramide AE Authon-Ebéon
0%
Gers Donjon B Bassoues
0%
Calvados Eglise BSM Bernières-sur-Mer
0%
Aube Eglise B Bérulle
0%
Dordogne Eglise B Brantôme
0%
Loir-et-Cher Château C Cellettes
0%
Dordogne Eglise C Cercles
0%
Creuse Abbatiale CSV Chambon-sur-Voueize
0%
Haute-Loire Eglise C Chanteuges
0%
Aube Eglise C Chappes
0%
Allier Eglise CM Châtel-Montagne
0%
Jura Eglise CSL Chissey-sur-Loue
0%
Eure Eglise CSO Conches-en-Ouche
0%
Cher Vestiges romains D Drevant
0%
Cher Eglise DSA Dun-sur-Auron
0%
Charente-Maritime Eglise E Echillais
0%
Charente-Maritime Eglise E Esnandes
0%
Ille-et-Vilaine Dolmen E Essé
0%
Calvados Eglise E Etréham
0%
Creuse Thermes romains ELB Evaux-les-Bains
0%
Charente-Maritime Eglise F Fenioux
0%
Côte-d'Or Eglise FSO Flavigny-sur-Ozerain
0%
Calvados Eglise F Formigny
0%
Aube Eglise F Fouchères
0%
Gard Pont Ambroix GLM Gallargues-le-Montueux
0%
Alpes-de-Haute-Provence Château GLB Gréoux-les-Bains
0%
Cher Eglise LC La Celle
0%
Calvados Eglise LSM Langrune-sur-Mer
0%
Gironde Abbaye LS La Sauve
0%
Dordogne Cloître MBDC Le Buisson-de-Cadouin
0%
Charente-Maritime Aqueduc LD Le Douhet
0%
Finistère Basilique LF Le Folgoët
0%
Calvados Eglise LFC Le Fresne-Camilly
0%
Haute-Loire Eglise LMSG Le Monastier-sur-Gazeille
0%
Drôme Eglise L Léoncel
0%
Aube Eglise LR Les Riceys
0%
Indre Eglise L Levroux
0%
Gironde Eglise L Loupiac
0%
Calvados Eglise L Louvières
0%
Haute-Corse Tour de Sénèque L Luri
0%
Indre Abbatiale M Méobecq
0%
Corrèze Eglise M Meynac
0%
Doubs Cloître M Montbenoît
0%
Aube Eglise M Montiéramey
0%
Corrèze Château MV Moustier-Ventadour
0%
Haute-Corse Eglise M Murato
0%
Indre Eglise NSS Neuvy-Saint-Sépulchre
0%
Cher Eglise PG Plaimpied-Givaudins
0%
Côtes-d'Armor Tour de Montbran P Pléboulle
0%
Finistère Eglise P Plouvorn
0%
Indre-et-Loire Abbatiale PSC Preuilly-sur-Claise
0%
Haute-Corse Eglise R Rapale
0%
Charente Eglise RSE Roullet-Saint-Estèphe
0%
Aube Eglise RLV Rumilly-lès-Vaudes
0%
Calvados Eglise R Ryes
0%
Charente Eglise SADB Saint-Amant-de-Boixe
0%
Corrèze Eglise SA Saint-Angel
0%
Haute-Garonne Eglise SA Saint-Aventin
0%
Haute-Garonne Cathédrale SBDC Saint-Bertrand-de-Comminges
0%
Isère Eglise SC Saint-Chef
0%
Calvados Eglise SC Saint-Contest
0%
Corrèze Eglise SCLR Saint-Cyr-la-Roche
0%
Calvados Eglise SGB Saint-Gabriel-Brécy
0%
Gironde Eglise SM Saint-Macaire
0%
Calvados Eglise SMN Saint-Manvieu-Norrey
0%
Allier Eglise SM Saint-Menoux
0%
Drôme Eglise SR Saint-Restitut
0%
Charente-Maritime Tour SRDB Saint-Romain-de-Benet
0%
Côte-d'Or Eglise ST Saint-Thibault
0%
Côte-d'Or Basilique S Saulieu
0%
Calvados Eglise SEB Secqueville-en-Bessin
0%
Loir-et-Cher Tumulus SES Soings-en-Sologne
0%
Calvados Eglise T Thaon
0%
Calvados Eglise TEB Tour-en-Bessin
0%
Gironde Collégiale U Uzeste
0%
Haute-Garonne Basilique V Valcabrère
0%
Haute-Corse Eglise VDC Valle-di-Campoloro
0%
Haute-Garonne Eglise V Venerque
0%
Aisne Oppidum V Vermand
0%
Bouches-du-Rhône Temple romain V Vernègues
0%
Gard Pont du Gard VPDG Vers-Pont-du-Gard
0%
Gironde Eglise V Vertheuil
0%
Corse-du-Sud Stantara d'Apricciani V Vico
0%
Ain Aqueduc romain V Vieu
0%
Cantal Eglise V Villedieu
0%
Aube Eglise VLG Villenauxe-la-Grande
0%
Aucun quiz correspondant
Distribution des résultats
% des personnes avec chaque résultat
Percentile par nombre de réponses
Votre historique - résultats
Vous n’avez pas pris ce quiz